书目信息 |
| 题名: |
药物制剂工程技术与设备
|
|
| 作者: | 张洪斌 主编 | |
| 分册: | ||
| 出版信息: | 北京 化学工业出版社 2021.5 |
|
| 页数: | 416页 | |
| 开本: | 26cm | |
| 丛书名: | ||
| 单 册: | ||
| 中图分类: | TQ460.6 | |
| 科图分类: | ||
| 主题词: | 药物--制剂--高等学校--教材 | |
| 电子资源: | ||
| ISBN: | 978-7-122-35057-2 | |
| 000 | 01585nam0 2200277 45 | |
| 001 | 012001000436 | |
| 005 | 20211013144941.14 | |
| 010 | @a978-7-122-35057-2@dCNY68.00 | |
| 100 | @a20200604d2019 em y0chiy50 ea | |
| 101 | 0 | @achi |
| 102 | @aCN@b110000 | |
| 105 | @aa z 000yy | |
| 106 | @ar | |
| 200 | 1 | @a药物制剂工程技术与设备@Ayao wu zhi ji gong cheng ji shu yu she bei@b专著@f张洪斌主编 |
| 205 | @a3版 | |
| 210 | @a北京@c化学工业出版社@d2021.5 | |
| 215 | @a416页@c图@d26cm | |
| 300 | @a教育部高等学校制药工程专业教学指导分委员会推荐教材 | |
| 320 | @a有书目 | |
| 330 | @a《药物制剂工程技术与设备》(第三版)一书是在第二版教学实践与反馈的基础上,根据2010版《药品生产质量管理规范》(GMP)和制药工程技术最新成果修订而成。教材内容以工程设计能力培养为导向,将GMP、制剂工艺、制药设备、车间设计及公用工程优化成一个完整的知识体系,并将来源于工程设计一线的设计成果作为教学案例,使学生掌握正确的设计理念与方法。全书分为八章,第一章主要为制药设备与工程设计概述及其发展;第二章阐明GMP与制药工程设计的关系,GMP对药厂总体规划、车间卫生要求、洁净厂房设计及制剂设备的原则性要求;第三至六章以制剂工艺、设备原理及车间设计为主线对各个制剂剂型展开介绍,包括口服固体制剂、注射剂、液体制剂及其他常用制剂;第七章为中药提取及制剂;第八章介绍了与药物制剂生产工艺相配套的公用工程的设计基础。 | |
| 333 | @a本书适用于高等学校制药工程专业和药物制剂专业师生;药学类相关专业学生及药品生产企业与设计单位技术人员 | |
| 606 | 0 | @a药物@x制剂@x高等学校@j教材 |
| 690 | @aTQ460.6@v5 | |
| 701 | 0 | @a张洪斌@Azhang hong bin@4主编 |
| 801 | 0 | @aCN@bBJSDL@c20211011 |
| 905 | @b1335223-6@dTQ460.6@e133=3@f4 | |
| 药物制剂工程技术与设备/张洪斌主编.-3版.-北京:化学工业出版社,2021.5 |
| 416页:图;26cm |
| 教育部高等学校制药工程专业教学指导分委员会推荐教材.-使用对象:本书适用于高等学校制药工程专业和药物制剂专业师生;药学类相关专业学生及药品生产企业与设计单位技术人员 |
| ISBN 978-7-122-35057-2:CNY68.00 |
| 《药物制剂工程技术与设备》(第三版)一书是在第二版教学实践与反馈的基础上,根据2010版《药品生产质量管理规范》(GMP)和制药工程技术最新成果修订而成。教材内容以工程设计能力培养为导向,将GMP、制剂工艺、制药设备、车间设计及公用工程优化成一个完整的知识体系,并将来源于工程设计一线的设计成果作为教学案例,使学生掌握正确的设计理念与方法。全书分为八章,第一章主要为制药设备与工程设计概述及其发展;第二章阐明GMP与制药工程设计的关系,GMP对药厂总体规划、车间卫生要求、洁净厂房设计及制剂设备的原则性要求;第三至六章以制剂工艺、设备原理及车间设计为主线对各个制剂剂型展开介绍,包括口服固体制剂、注射剂、液体制剂及其他常用制剂;第七章为中药提取及制剂;第八章介绍了与药物制剂生产工艺相配套的公用工程的设计基础。 |
| ● |
| 相关链接 |
|
|
|
|
正题名:药物制剂工程技术与设备
索取号:TQ460.6/133=3
 
预约/预借
| 序号 | 登录号 | 条形码 | 馆藏地/架位号 | 状态 | 备注 |
| 1 | 1335223 | 213352236 | 第二样本阅览室/ [索取号:TQ460.6/133=3] | 在馆 | |
| 2 | 1335224 | 213352245 | 第三借阅区/ [索取号:TQ460.6/133=3] | 在馆 | |
| 3 | 1335225 | 213352254 | 第三借阅区/ [索取号:TQ460.6/133=3] | 在馆 | |
| 4 | 1335226 | 213352263 | 第三借阅区/ [索取号:TQ460.6/133=3] | 在馆 |